书目信息 |
| 题名: |
粉煤灰特性与粉煤灰混凝土
|
|
| 作者: | 钱觉时 著 | |
| 分册: | ||
| 出版信息: | 北京 科学出版社 2002.05 |
|
| 页数: | 278页 | |
| 开本: | 26cm | |
| 丛书名: | ||
| 单 册: | ||
| 中图分类: | TU528.2 | |
| 科图分类: | ||
| 主题词: | 建筑材料:非金属材料 | |
| 电子资源: | ||
| ISBN: | 7-03-010053-0 | |
| 000 | 00582nam0 2200193 45 | |
| 001 | 0260193451 | |
| 005 | 2002062716431345 | |
| 010 | @a7-03-010053-0@dRMB 36.00 | |
| 100 | @a20020627d2002 km y0chiy0120 ea | |
| 101 | 0 | @achi |
| 102 | @aCN@b110000 | |
| 200 | 1 | @a粉煤灰特性与粉煤灰混凝土@Afen mei hui te xing yu fen mei hui hun ning tu@f钱觉时著@Fqian jue shi zhu |
| 210 | @a北京@c科学出版社@d2002.05 | |
| 215 | @a278页@d26cm | |
| 606 | 0 | @a建筑材料:非金属材料 |
| 690 | @aTU528.2@v3 | |
| 701 | 0 | @a钱觉时@Aqian jue shi@4著 |
| 801 | 0 | @aCN@bPFT@c20020627 |
| 905 | @a10447@dTU528.2@eQ200 | |
| 粉煤灰特性与粉煤灰混凝土/钱觉时著.-北京:科学出版社,2002.05 |
| 278页;26cm |
| ISBN 7-03-010053-0:RMB 36.00 |
| ● |
| 相关链接 |
|
|
|
正题名:粉煤灰特性与粉煤灰混凝土
索取号:TU528.2/Q200
 
预约/预借
| 序号 | 登录号 | 条形码 | 馆藏地/架位号 | 状态 | 备注 |
| 1 | 364696 | 203646965 | 建筑库201/201建筑库 8排2列4层/ [索取号:TU528.2/Q200] | 在馆 | |
| 2 | 364697 | 203646974 | 管理学院资料室/ [索取号:TU528.2/Q200] | 在馆 | |
| 3 | 364698 | 203646983 | 建筑库201/201建筑库 8排2列4层/ [索取号:TU528.2/Q200] | 在馆 |